00885nam a2200217 i 450000100060000000300090000600500170001500700030003200800410003502000180007610000430009424501400013726000380027730000270031549000560034270000340039883000630043285200330049599900170052895201220054593052ES-MaACL20250824075902.0t|050407s1983 gw ||||1| spa d a3-923593-02-31 aLobo Lasso de la Vega, Gabriel.97302510aTragedia de la destrucción de Constantinopla / cGabriel Lasso de la Vega; introducción, edición y notas de Alfredo Hermenegildo. aKassel : bReichenberger, c1983. aVII, 134 p. ; c25 cm.1 aTeatro del Siglo de Oro. Ediciones críticas ; v21 aHermenegildo, Alfredo.96274600aTeatro del Siglo de Oro. pEdiciones críticasv29183555 aES-MaACLjL-10394 bR.111845 c93052d93052 00104070aATENEOMbATENEOMcDEPO2d2008-01-17eSCl0oL-10394p1097135r2023-02-23 00:00:00w2023-02-23yMONOGRAFIA